书目信息 |
| 题名: |
古代文学知识
|
|
| 作者: | 王恩涛 编著 | |
| 分册: | ||
| 出版信息: | 成都 四川教育出版社 1985 |
|
| 页数: | 346页 | |
| 开本: | 19cm | |
| 丛书名: | 中国教师进修丛书 | |
| 单 册: | ||
| 中图分类: | I209.2 , I207 | |
| 科图分类: | ||
| 主题词: | 文学史--中国--古代 | |
| 电子资源: | ||
| ISBN: | ||
| 000 | 00663oam2 2200253 450 | |
| 001 | 1557842959 | |
| 005 | 20150125160429.62 | |
| 010 | @dCNY1.47 | |
| 091 | @a7344.192 | |
| 100 | @a19901106d1985 em y0chiy0110 ea | |
| 101 | 0 | @achi |
| 102 | @aCN@b510000 | |
| 105 | @ay zr 000zy | |
| 200 | 1 | @a古代文学知识@9gu dai wen xue zhi shi@f王恩涛编著 |
| 210 | @a成都@c四川教育出版社@d1985 | |
| 215 | @a346页@d19cm | |
| 225 | 2 | @a中国教师进修丛书 |
| 461 | 0 | @12001 @a中国教师进修丛书 |
| 606 | 0 | @a文学史@y中国@z古代 |
| 690 | @aI209.2@v5 | |
| 690 | @aI207@v4 | |
| 701 | 0 | @a王恩涛@9wang en tao@4编著 |
| 801 | 0 | @aCN@bTSSF@c20150125 |
| 905 | @aZUCC@dI207@eJY189 | |
| 古代文学知识/王恩涛编著.-成都:四川教育出版社,1985 |
| 346页;19cm.-(中国教师进修丛书) |
| ISBN :CNY1.47 |
| ● |
| 相关链接 |
|
|
|
|
正题名:古代文学知识
索取号:I207/JY189
 
预约/预借
| 序号 | 登录号 | 条形码 | 馆藏地/架位号 | 状态 | 备注 |
| 1 | 7855079 | 278550792 | 学院路分馆/ [索取号:I207/JY189] | 在馆 | |
| 2 | 7855080 | 278550809 | 学院路分馆/ [索取号:I207/JY189] | 在馆 |